[Event "FIDE World Bl Team Pool D"]
[Site "Almaty KAZ"]
[Date "2024.08.05"]
[Round "2.20"]
[White "Zeynyshev, Elnur"]
[Black "Eljanov, Pavel"]
[Result "0-1"]
[BlackTitle "GM"]
[WhiteElo "1812"]
[BlackElo "2672"]
[WhiteTeam "Future GM"]
[BlackTeam "Ashdod Chess Club"]
[WhiteFideId "13719386"]
[BlackFideId "14102951"]
[EventDate "2024.08.05"]

1. e4 c6 2. d4 d5 3. e5 Bf5 4. h4 h5 5. Bd3 Bxd3 6. Qxd3 Qa5+ 7. Nd2 e6 8. Nf3
Nh6 9. O-O Nf5 10. Nb3 Qa6 11. Qd1 Nd7 12. a4 Rc8 13. Bg5 c5 14. dxc5 Bxc5 15.
c3 g6 16. Qd2 O-O 17. Rfe1 Rfe8 18. Nbd4 Nxd4 19. Nxd4 Bf8 20. Qf4 Nc5 21. Qe3
Qd3 22. Qxd3 Nxd3 23. Re2 a6 24. Rd1 Nc5 25. a5 Ne4 26. Be3 Rc4 27. Nb3 Nc5 28.
Bxc5 Bxc5 29. g3 Rc8 30. Kg2 Ba7 31. f4 Kf8 32. Kf3 Ke7 33. Red2 R8c6 34. Kg2
Rc7 35. Kf3 Rc8 36. Kg2 Ra4 37. Ra1 Re4 38. Kf3 Re3+ 39. Kg2 Rc4 40. Nd4 Bxd4
41. cxd4 Rb3 42. Kf2 Kd7 43. Ra3 Rxa3 44. bxa3 Rc3 45. Rb2 Kc7 0-1

[Event "FIDE World Bl Team Pool D"]
[Site "Almaty KAZ"]
[Date "2024.08.05"]
[Round "4.8"]
[White "Zhakshylykov, Erzhan"]
[Black "Altynbekuly, Madiyar"]
[Result "0-1"]
[WhiteTitle "FM"]
[WhiteElo "2327"]
[BlackElo "2114"]
[WhiteTeam "Noval Group Kyrgystan"]
[BlackTeam "KRG-Team"]
[WhiteFideId "13804111"]
[BlackFideId "13736264"]
[EventDate "2024.08.05"]

1. d4 Nf6 2. Nf3 d6 3. Nc3 g6 4. e4 Bg7 5. Be2 O-O 6. O-O e5 7. h3 Nc6 8. dxe5
Nxe5 9. Nxe5 dxe5 10. Qxd8 Rxd8 11. Bg5 c6 12. a4 h6 13. Be3 Be6 14. Rad1 b6 15.
Kh2 Bf8 16. g3 Kh7 17. f4 exf4 18. gxf4 Bb4 19. Bf3 Bc4 20. Rg1 Rac8 21. Rxd8
Rxd8 22. Rd1 Rxd1 23. Nxd1 Kg7 24. b3 Be6 25. c4 Nd7 26. e5 Nb8 27. Nf2 Kf8 28.
Ng4 h5 29. Nf6 Ke7 30. Kg3 Kd8 31. Ne4 Kc7 32. Ng5 Kd7 33. Be4 Be7 34. Nf3 Kc7
35. Nd4 Bd7 36. e6 Be8 37. f5 Bd6+ 38. Bf4 gxf5 39. Bxf5 Na6 40. Kf3 Nc5 41.
exf7 Bxf7 42. Bg5 Be5 43. Bf4 Bd6 0-1

[Event "FIDE World Bl Team Pool D"]
[Site "Almaty KAZ"]
[Date "2024.08.05"]
[Round "4.9"]
[White "Kozhabekov, Adilkhan"]
[Black "Sharshenbekov, Emir"]
[Result "1-0"]
[BlackTitle "CM"]
[WhiteElo "1855"]
[BlackElo "2078"]
[WhiteTeam "KRG-Team"]
[BlackTeam "Noval Group Kyrgystan"]
[WhiteFideId "13702858"]
[BlackFideId "13810634"]
[EventDate "2024.08.05"]

1. d4 d5 2. c4 dxc4 3. Nf3 Nf6 4. e3 e6 5. Bxc4 a6 6. O-O c5 7. Nc3 Nc6 8. dxc5
Qxd1 9. Rxd1 Bxc5 10. Be2 Ke7 11. Nd2 Rd8 12. Nb3 Rxd1+ 13. Bxd1 Bd6 14. e4 Bd7
15. Be3 Ne5 16. Bd4 Nc6 17. Bb6 Rc8 18. Be2 Bc7 19. Be3 Ke8 20. Rd1 Ne5 21. f3
b5 22. a3 Nc4 23. Bxc4 bxc4 24. Nd4 Bb6 25. Kf2 Ba5 26. Nde2 Rb8 27. Rd2 Bc6 28.
Rc2 Nd7 29. Bd4 e5 30. Be3 Bb6 31. Bxb6 Nxb6 32. Nd1 Ba4 33. Rc1 Bxd1 34. Rxd1
Na4 35. Rd5 Rxb2 36. Rxe5+ Kd7 37. Ke3 c3 38. Ra5 Nb6 39. Rc5 c2 40. Nd4 Ra2 41.
Nxc2 Na4 42. Rc4 Nb6 43. Rd4+ Ke6 44. Kd3 Nd7 45. f4 Nc5+ 46. Kc3 1-0

[Event "FIDE World Bl Team Pool D"]
[Site "Almaty KAZ"]
[Date "2024.08.05"]
[Round "5.17"]
[White "Tokbayev, Anuar"]
[Black "Serikbay, Assel"]
[Result "1-0"]
[BlackTitle "WIM"]
[WhiteElo "1880"]
[BlackElo "2237"]
[WhiteTeam "Astana-2"]
[BlackTeam "World Champions Higher School"]
[WhiteFideId "13724703"]
[BlackFideId "13706799"]
[EventDate "2024.08.05"]

1. d4 d5 2. c4 c6 3. Nf3 Nf6 4. Nc3 a6 5. g3 dxc4 6. Bg2 Nbd7 7. O-O g6 8. a4
Bg7 9. e4 O-O 10. Qe2 Re8 11. e5 Nd5 12. Qxc4 N7b6 13. Qe2 a5 14. Ne4 Nb4 15.
Bg5 h6 16. Bd2 N6d5 17. Rac1 b6 18. Bxb4 Nxb4 19. Rfd1 Be6 20. Nc3 Rc8 21. h4
Qd7 22. Kh2 Red8 23. Qe3 Nd5 24. Qe2 Bg4 25. Qe4 Bf5 26. Qe2 Nb4 27. Ne1 Bg4 28.
f3 Be6 29. f4 h5 30. Bf3 Bb3 31. Rd2 Be6 32. Ng2 Bh6 33. Ne3 Nd5 34. Rg1 Kf8 35.
Ne4 Nxe3 36. Qxe3 Bd5 37. Nc3 Bxf3 38. Qxf3 b5 39. Ne4 Qd5 40. Rf1 bxa4 41. Rdd1
Qc4 42. f5 Kg7 43. e6 Rf8 44. f6+ exf6 45. Qxf6+ Kh7 46. e7 Rfe8 47. Nd6 Qe2+
48. Rf2 Qxd1 49. Qxf7+ Bg7 50. Nxe8 Rxe8 51. Qxe8 Qxd4 52. Qf7 1-0

[Event "FIDE World Bl Team Pool D"]
[Site "Almaty KAZ"]
[Date "2024.08.05"]
[Round "5.18"]
[White "Balakirev, Nikoly"]
[Black "Altynbek, Aiaru"]
[Result "0-1"]
[BlackTitle "WFM"]
[WhiteElo "1885"]
[BlackElo "1990"]
[WhiteTeam "World Champions Higher School"]
[BlackTeam "Astana-2"]
[WhiteFideId "4192060"]
[BlackFideId "13752472"]
[EventDate "2024.08.05"]

1. e4 c6 2. Nc3 d5 3. Nf3 dxe4 4. Nxe4 Nf6 5. Qe2 Nxe4 6. Qxe4 Be6 7. Ng5 Bd5 8.
Qe3 h6 9. Ne4 Bxe4 10. Qxe4 Nd7 11. Bc4 Nf6 12. Qf4 e6 13. O-O Bd6 14. Qf3 O-O
15. b3 Qa5 16. Bb2 Qh5 17. Qxh5 Nxh5 18. a4 Rfd8 19. Rad1 Nf4 20. Rfe1 Nd5 21.
Re4 Rab8 22. Rg4 g6 23. h4 h5 24. Re4 Be7 25. g3 b5 26. axb5 cxb5 27. Be2 Rdc8
28. c3 Bf6 29. Ra1 b4 30. Rxa7 bxc3 31. dxc3 Rxb3 32. Ra2 Bxc3 33. Bc1 Rb1 34.
Rc2 Ra8 35. Kg2 Raa1 36. Be3 Bf6 37. Rc8+ Kg7 38. Bc4 Nxe3+ 39. Rxe3 Rg1+ 40.
Kh2 Rh1+ 41. Kg2 Rhc1 42. Bxe6 fxe6 43. Rxc1 Rxc1 44. Rxe6 Rc2 45. Rd6 Kf7 46.
Kf3 Ke7 47. Ra6 Rc3+ 48. Kg2 Bd4 49. Rxg6 Rc2 50. Kh3 Bxf2 51. Rg5 Rc3 52. Rxh5
Rxg3+ 53. Kh2 Rg8 54. Rh7+ Kf6 55. h5 Rg5 56. Kh3 Rg3+ 57. Kh2 Rg8 58. Kh3 Be3
59. Kh2 Kf5 60. Rf7+ Kg5 61. Rh7 Kf4 62. Rf7+ Ke4 63. Kh3 Bf4 64. Kh4 Kf3 65. h6
Rg4+ 66. Kh5 Rg5+ 67. Kh4 Rg4+ 68. Kh5 Rg5+ 69. Kh4 Rg1 70. Kh5 Rg5+ 71. Kh4 Rg1
72. Kh5 Rh1+ 73. Kg6 Rxh6+ 74. Kg7 Re6 75. Rb7 Kg4 76. Rb4 Kg5 77. Rb5+ Be5+ 78.
Kf7 Kf5 79. Ra5 Rb6 80. Rd5 Rb7+ 81. Ke8 Ke6 82. Rd8 0-1

[Event "FIDE World Bl Team Pool D"]
[Site "Almaty KAZ"]
[Date "2024.08.05"]
[Round "5.20"]
[White "Eljanov, Pavel"]
[Black "Zhakshylykov, Erzhan"]
[Result "1-0"]
[WhiteTitle "GM"]
[BlackTitle "FM"]
[WhiteElo "2672"]
[BlackElo "2327"]
[WhiteTeam "Ashdod Chess Club"]
[BlackTeam "Noval Group Kyrgystan"]
[WhiteFideId "14102951"]
[BlackFideId "13804111"]
[EventDate "2024.08.05"]

1. d4 Nf6 2. c4 e6 3. Nc3 d5 4. cxd5 exd5 5. Bg5 Be7 6. e3 c6 7. Bd3 O-O 8. h3
Nbd7 9. Qc2 Re8 10. Bf4 Nf8 11. Nf3 Ng6 12. Bh2 Bd6 13. Bxd6 Qxd6 14. O-O Qe7
15. Rab1 a5 16. a3 Ne4 17. b4 axb4 18. axb4 Bf5 19. b5 Qf6 20. bxc6 bxc6 21.
Bxe4 dxe4 22. Nd2 Nh4 23. Ne2 Qg5 24. Ng3 Re6 25. Ra1 Rae8 26. Ra5 Qg6 27. Qc5
Rf6 28. Rfa1 h6 29. Ra8 Re6 30. Rxe8+ Rxe8 31. Ra6 Bxh3 32. gxh3 Qe6 33. Kh2 Qf6
34. Kg1 Qe6 35. Qe5 Qd7 36. Ra7 Qc8 37. Rc7 1-0

[Event "FIDE World Bl Team Pool D"]
[Site "Almaty KAZ"]
[Date "2024.08.05"]
[Round "7.4"]
[White "Magzumov, Damirali"]
[Black "Erdogmus, Yagiz Kaan"]
[Result "0-1"]
[BlackTitle "IM"]
[WhiteElo "1756"]
[BlackElo "2599"]
[WhiteTeam "KRG-Team"]
[BlackTeam "Chessy"]
[WhiteFideId "13727117"]
[BlackFideId "44599790"]
[EventDate "2024.08.05"]

1. e4 g6 2. d4 Bg7 3. Nf3 d6 4. Be3 c5 5. c3 cxd4 6. cxd4 Nf6 7. Nc3 O-O 8. Bc4
Nc6 9. h3 Nxe4 10. Bxf7+ Rxf7 11. Nxe4 Qa5+ 12. Nc3 h6 13. O-O Bd7 14. Qb3 Rf8
15. Kh2 Kh7 16. Rac1 Rxf3 17. gxf3 Qh5 18. Ne4 Bxh3 19. Ng3 Qh4 20. Kg1 Rxf3 21.
d5 Rxg3+ 0-1